000 00588 a2200169 4500
003 Nust
005 20230526113013.0
040 _cNust
082 _a808.8,CRO
100 _aCrofts, Freeman Wills,
_9112685
245 _aThe 12.30 from Croydon
_cFreeman Wills Croft
260 _aLondon
_bHodder & Stoughton, limited
_c1934
300 _a336 p.
_b20 cm
505 _aAndrew Takes the Air (Page-7), Charles (Page-21-296), French Begins His Story (Page-307), French Completes his Story (Page-321).
650 _aFrench, Joseph (Fictitious character) --Fiction.
_9112686
942 _2ddc
_cBK
999 _c190888
_d190888